000 00434nam a2200181Ia 4500
001 9752
005 20260306161741.0
008 260306t2010||||xx |||||||||||||| ||spa||
041 _aESP
082 _a410
_bG95
100 _aGutiérrez Araus, María Luz
_eAUT
245 0 _aCurso básico de lengua española
260 _c2010
300 _a565 páginas :
_c24 cm.
650 _aGEN
654 _aCED
942 _cLIB
_dJUS
_fJUS
_2ddc
_n
999 _c9752
_d9752